The role of Australian horticulture in the national economic development

সংরক্ষণ করুন:
গ্রন্থ-পঞ্জীর বিবরন
প্রধান লেখক: Nguyễn Quốc Vọng
বিন্যাস: গ্রন্থ
ভাষা:Undetermined
প্রকাশিত: 1987
বিষয়গুলি:
ট্যাগগুলো: ট্যাগ যুক্ত করুন
কোনো ট্যাগ নেই, প্রথমজন হিসাবে ট্যাগ করুন!
Thư viện lưu trữ: Trung tâm Học liệu Trường Đại học Cần Thơ
LEADER 00504nam a2200157Ia 4500
001 CTU_30152
008 210402s9999 xx 000 0 und d
082 |a 631 
082 |b V431 
100 |a Nguyễn Quốc Vọng 
245 4 |a The role of Australian horticulture in the national economic development 
245 0 |c Nguyễn Quốc Vọng 
260 |c 1987 
650 |a horticultural products,horticulture 
904 |i Liên, 990308 
980 |a Trung tâm Học liệu Trường Đại học Cần Thơ